| 000 -CABECERA |
| Longitud fija campo de control |
00485nam a2200169 a 4500 |
| 001 - NÚMERO DE CONTROL |
| Número de control |
5406 |
| 003 - IDENTIFICADOR DEL NÚMERO DE CONTROL |
| Identificador del número de control |
CDMR |
| 005 - FECHA Y HORA DE LA ÚLTIMA TRANSACCIÓN |
| Fecha y hora de la última transacción |
20130503132944.0 |
| 008 - CÓDIGOS DE INFORMACIÓN DE LONGITUD FIJA |
| Códigos de información de longitud fija |
130130s1991||||||||||||||||||||||||||||d |
| 020 ## - NÚMERO INTERNACIONAL NORMALIZADO PARA LIBROS |
| Número Internacional Normalizado para Libros (ISBN) |
8460401049 |
| 040 ## - FUENTE DE LA CATALOGACIÓN |
| Centro catalogador de origen |
CDMR |
| Lengua de catalogación |
cat |
| Centro transcriptor |
CPC GIRONA |
| 110 ## - PUNTO DE ACCESO PRINCIPAL-NOMBRE DE ENTIDAD CORPORATIVA |
| 9 (RLIN) |
2838 |
| Nombre de entidad corporativa o nombre de jurisdicción como elemento inicial |
Fundació Dr. Antonio Esteve |
| 245 00 - MENCIÓN DE TÍTULO |
| Título |
Periodismo científico |
| Resto del título |
: un simposio internacional |
| 260 ## - PUBLICACIÓN, DISTRIBUCIÓN, ETC. (PIE DE IMPRENTA) |
| Fecha de publicación, distribución, etc. |
1991 |
| Nombre del editor, distribuidor, etc. |
Fundación Dr. Antonio Esteve |
| Lugar de publicación, distribución, etc. |
Barcelona |
| 650 04 - PUNTO DE ACCESO ADICIONAL DE MATERIA - TÉRMINO DE MATERIA |
| 9 (RLIN) |
2804 |
| Término de materia o nombre geográfico como elemento inicial |
Periodisme científic |
| 942 ## - ENTRADA DE ELEMENTOS AGREGADOS (KOHA) |
| Koha [por defecto] tipo de item |
Monografies |
| Fuente de clasificaión o esquema |
|